Loading...
Malayala kavithayile parambarya ghadakangal/
| Hovedforfatter: | |
|---|---|
| Format: | Ph.D Thesis |
| Sprog: | Malayalam |
| Udgivet: |
Calicut University:
Department of Malayalam,
1989.
|
| LEADER | 00440nam a22001097a 4500 | ||
|---|---|---|---|
| 008 | 171220b xxu||||| |||| 00| 0 mal d | ||
| 100 | |a Chithra sasikumar | ||
| 245 | |a Malayala kavithayile parambarya ghadakangal/ |c Chithra sasikumar | ||
| 260 | |a Calicut University: |b Department of Malayalam, |c 1989. | ||
| 942 | |c TH | ||
| 999 | |c 236590 |d 236590 | ||
| 952 | |0 0 |1 0 |4 0 |6 32_000000000000000 |7 0 |9 262602 |a MAL |b MAL |c ST1 |d 2017-12-20 |l 0 |o 32 |p MALNB150 |r 2017-12-20 |w 2017-12-20 |y TH | ||